Better Life Index as a Possiblitiy of Measuring the Socio-economic Development of the Economy
Ekonomický rast (ER) - obmedzenia a hranice rastu. Environmentálne a sociálne vplyvy ER. Problém trvalo udržateľného rastu - Rímsky klub. Kvalitatívne aspekty ER. Možnosti vývoja ER. OECD a návrh merania ER Better Life Indexom (Stiglitz, Sen). Komparácia hodnôt BLI na Slovensku s hodnotami krajín OE...
Enregistré dans:
| Auteur principal: | |
|---|---|
| Autres auteurs: | |
| Format: | Chapitre de livre |
| Langue: | anglais |
| Sujets: | |
| Tags: |
Pas de tags, Soyez le premier à ajouter un tag!
|
MARC
| LEADER | 00000naa$a2200000$$$4500 | ||
|---|---|---|---|
| 001 | 0192613 | ||
| 005 | 20240502083446.8 | ||
| 041 | 0 | |a eng | |
| 044 | |a BG | ||
| 245 | 1 | 0 | |a Better Life Index as a Possiblitiy of Measuring the Socio-economic Development of the Economy |c Andrea Vondrová, Elena Fifeková |
| 520 | |a Ekonomický rast (ER) - obmedzenia a hranice rastu. Environmentálne a sociálne vplyvy ER. Problém trvalo udržateľného rastu - Rímsky klub. Kvalitatívne aspekty ER. Možnosti vývoja ER. OECD a návrh merania ER Better Life Indexom (Stiglitz, Sen). Komparácia hodnôt BLI na Slovensku s hodnotami krajín OECD. | ||
| 610 | 2 | 0 | |a rast hospodársky rovnovážny |
| 610 | 2 | 0 | |a teória ekonomického rastu |
| 610 | 2 | 0 | |a rozvoj trvalo udržateľný |
| 610 | 2 | 0 | |a OECD |
| 610 | 2 | 0 | |a indexy |
| 610 | 2 | 0 | |a rozvoj sociálno-ekonomický |
| 610 | 2 | 0 | |a bezpečnosť environmentálna |
| 610 | 2 | 0 | |a kvalita života |
| 100 | 1 | |a Vondrová, Andrea, 1987- | |
| 700 | 1 | |a Fifeková, Elena | |